<?xml version="1.0" encoding="UTF-8"?>
<record
    xmlns:xsi="http://www.w3.org/2001/XMLSchema-instance"
    xsi:schemaLocation="http://www.loc.gov/MARC21/slim http://www.loc.gov/standards/marcxml/schema/MARC21slim.xsd"
    xmlns="http://www.loc.gov/MARC21/slim">

  <leader>03396nam a2200289 u 4500</leader>
  <controlfield tag="001">1435247</controlfield>
  <controlfield tag="005">20260508090451.0</controlfield>
  <controlfield tag="008">160304e20120909                    spa  </controlfield>
  <datafield tag="020" ind1=" " ind2=" ">
    <subfield code="a">9788441531093</subfield>
  </datafield>
  <datafield tag="035" ind1=" " ind2=" ">
    <subfield code="a">1435247</subfield>
  </datafield>
  <datafield tag="040" ind1=" " ind2=" ">
    <subfield code="c">comduadb</subfield>
  </datafield>
  <datafield tag="041" ind1=" " ind2=" ">
    <subfield code="a">spa</subfield>
  </datafield>
  <datafield tag="082" ind1=" " ind2="4">
    <subfield code="a">778</subfield>
  </datafield>
  <datafield tag="100" ind1="1" ind2="0">
    <subfield code="a">Davis, Harold</subfield>
    <subfield code="4">aut</subfield>
    <subfield code="e">aut</subfield>
  </datafield>
  <datafield tag="245" ind1="1" ind2="3">
    <subfield code="a">Fotograf&#xED;a nocturna y de larga exposici&#xF3;n</subfield>
  </datafield>
  <datafield tag="260" ind1=" " ind2=" ">
    <subfield code="a">Madrid :</subfield>
    <subfield code="b">Anaya Multimedia,</subfield>
    <subfield code="c">2012.</subfield>
  </datafield>
  <datafield tag="300" ind1=" " ind2=" ">
    <subfield code="a">223 p&#xE1;ginas :</subfield>
    <subfield code="b">ilustraciones a color</subfield>
  </datafield>
  <datafield tag="490" ind1="0" ind2=" ">
    <subfield code="a">Photoclub</subfield>
  </datafield>
  <datafield tag="505" ind1=" " ind2=" ">
    <subfield code="a">CONTENIDO: Introducci&#xF3;n. -- Cap&#xED;tulo 1. Convertirse en una criatura de la noche. -- Ventajas de la fotograf&#xED;a nocturna. -- Tipos de fotograf&#xED;a nocturna. -- Planificaci&#xF3;n de una fotograf&#xED;a nocturna. -- Medidas de seguridad. -- C&#xE1;maras para la fotograf&#xED;a nocturna. -- Tr&#xED;podes. -- Fuentes de luz. -- Lentes. -- Enfocar de noche. -- Utilizaci&#xF3;n de la exposici&#xF3;n manual. -- Fotograf&#xED;a en modo Bulb. -- Exposici&#xF3;n nocturna. -- Velocidad de obturaci&#xF3;n. -- Utilizaci&#xF3;n del histograma de exposici&#xF3;n por la noche. -- Pintura con luz. -- Cap&#xED;tulo 2.  Colores de la noche. -- Fotograf&#xED;as de paisajes urbanos de noche. -- Edificios de noche. -- Puentes y reflejos de agua. -- Escenas industriales. -- Luz y movimiento de noche. -- Fotografiando el oc&#xE9;ano. -- Niebla de noche. -- Nubes. -- Fotografiando la luna. -- Noche en casa. -- Objetos del d&#xED;a a d&#xED;a. -- Ampliaci&#xF3;n del rango din&#xE1;mico. -- Noche en blanco y negro. Cap&#xED;tulo 3. Espacios solitarios en la noche. -- La libertad de la noche. -- Paisajes nocturnos por la luz de la luna. --  Haciendo que la noche parezca d&#xED;a. -- Comprensi&#xF3;n del cielo nocturno. -- El paisaje nocturno. -- Las flores de la noche. -- Cap&#xED;tulo 4.  Vigilias en la noche cerrada. -- Largas exposiciones de noche. -- Minimizando el ruido. -- Ruido de procesamiento. -- Capturando rastros de estrellas. -- M&#xFA;sica nocturna. - Cap&#xED;tulo 5.  Apilado de rastros de estrellas. -- Comprensi&#xF3;n del apilado. -- Software de apilamiento. -- Ap&#xE9;ndices. -- Glosario. -- &#xCD;ndice alfab&#xE9;tico.</subfield>
  </datafield>
  <datafield tag="520" ind1="3" ind2=" ">
    <subfield code="a">"La noche es un universo inexplorado lleno de colores y texturas vibrantes, figuras y formas que pasan desapercibidas al ojo humano. En una oscuridad casi completa, las flores proyectan colores el&#xE9;ctricos y la luz de las estrellas produce variaciones de color sutiles y maravillosas esperando a ser capturadas por su c&#xE1;mara digital. Pero los desaf&#xED;os de la fotograf&#xED;a nocturna son importantes: el enfoque autom&#xE1;tico no funciona, olv&#xED;dese de los fot&#xF3;metros, todas las exposiciones son manuales, y el medio y las condiciones son superiores a nosotros, sin visibilidad &#xFA;nicamente la experiencia puede servir de ayuda. Harold Davis ha conseguido dominar todos estos desaf&#xED;os. Con sus consejos aprender&#xE1; c&#xF3;mo su c&#xE1;mara digital puede registrar los espl&#xE9;ndidos colores de la noche. Le ense&#xF1;ar&#xE1; a seleccionar temas, enfocarlos de manera creativa, elegir y utilizar el equipo adecuado y perfeccionar su t&#xE9;cnica fotogr&#xE1;fica para conseguir resultados extraordinarios. Incluso aprender&#xE1; a permanecer a salvo en sus aventuras durante la noche."</subfield>
  </datafield>
  <datafield tag="650" ind1=" " ind2="7">
    <subfield code="a">Fotograf&#xED;a</subfield>
    <subfield code="x">T&#xE9;cnicas</subfield>
    <subfield code="2">lemb</subfield>
    <subfield code="9">6343</subfield>
  </datafield>
  <datafield tag="650" ind1=" " ind2=" ">
    <subfield code="a">Noche - Fotograf&#xED;as</subfield>
    <subfield code="9">10885</subfield>
  </datafield>
  <datafield tag="650" ind1=" " ind2="7">
    <subfield code="a">Fotograf&#xED;a digital</subfield>
    <subfield code="2">lemb</subfield>
    <subfield code="9">16121</subfield>
  </datafield>
  <datafield tag="650" ind1=" " ind2=" ">
    <subfield code="a">Fotografia - Equipo y accesorios</subfield>
    <subfield code="9">45440</subfield>
  </datafield>
  <datafield tag="700" ind1="1" ind2="0">
    <subfield code="a">Amigo Fern&#xE1;ndez, Leire</subfield>
    <subfield code="4">trl</subfield>
    <subfield code="e">trl</subfield>
    <subfield code="9">751204</subfield>
  </datafield>
  <datafield tag="942" ind1=" " ind2=" ">
    <subfield code="c">BOOK</subfield>
  </datafield>
  <datafield tag="999" ind1=" " ind2=" ">
    <subfield code="c">733239</subfield>
    <subfield code="d">733239</subfield>
  </datafield>
  <datafield tag="952" ind1=" " ind2=" ">
    <subfield code="0">0</subfield>
    <subfield code="1">0</subfield>
    <subfield code="4">0</subfield>
    <subfield code="7">0</subfield>
    <subfield code="8">GEN</subfield>
    <subfield code="a">BC</subfield>
    <subfield code="b">BC</subfield>
    <subfield code="d">2016-03-04</subfield>
    <subfield code="e">Global books</subfield>
    <subfield code="g">187000.00</subfield>
    <subfield code="i">C1241111</subfield>
    <subfield code="l">0</subfield>
    <subfield code="o">778.719 D261</subfield>
    <subfield code="p">1030418</subfield>
    <subfield code="r">2025-11-21 13:24:36</subfield>
    <subfield code="t">1</subfield>
    <subfield code="w">2023-05-03</subfield>
    <subfield code="y">BOOK</subfield>
  </datafield>
</record>
